000 00533nab a2200145Ia 4500
003 ES-SlBCS
005 20210601133741.0
008 140529s2009 xxu||||| |||| 00| 0 por d
041 _apor
100 1 _aFilordi de Carvalho, Alexandre
_9209214
245 0 0 _aFoucault e o espetáculo do mundo: notas acerca de uma possível história da subjetividade
_c Alexandre Filordi De Carvalho
600 1 4 _aFoucault, Michel
_d, 1926-1984
_97251
773 0 _tEducaçao e Filosofia
_gvol. 23, nº. 46, 2009, págs. 189-208
_wRev1534
942 _cAR
999 _c601521
_d601521